Miasta na prawach powiatu A-Ż - Statystyki

Ogólne statystyki
  • Ten quiz został rozwiązany 49 razy
  • Średni wynik to 18 z 20
Statystyki odpowiedzi
Miasto na prawach powiatu % Poprawnych
B Biała Podlaska | Białystok | Bielsko-Biała | Bydgoszcz | Bytom
100%
E Elbląg
98%
G Gdańsk | Gdynia | Gliwice | Gorzów Wielkopolski | Grudziądz
98%
K Kalisz | Katowice | Kielce | Konin | Koszalin | Kraków | Krosno
98%
Ł Łomża | Łódź
98%
O Olsztyn | Opole | Ostrołęka
98%
R Radom | Ruda Śląska | Rybnik | Rzeszów
98%
S Siedlce | Siemianowice Śląskie | Skierniewice | Słupsk | Sopot | Sosnowiec | Suwałki | Szczecin
98%
W Wałbrzych | Warszawa | Włocławek | Wrocław
98%
C Chełm | Chorzów | Częstochowa
95%
P Piekary Śląskie | Piotrków Trybunalski | Płock | Poznań | Przemyśl
95%
T Tarnobrzeg | Tarnów | Toruń | Tychy
95%
L Legnica | Leszno | Lublin
88%
Z Zabrze | Zamość | Zielona Góra
88%
D Dąbrowa Górnicza
86%
J Jastrzębie-Zdrój | Jaworzno | Jelenia Góra
86%
Ś Świętochłowice | Świnoujście
83%
Ż Żory
81%
N Nowy Sącz
74%
M Mysłowice
67%
Nie znaleziono quizów pasujących do podanych kryteriów
Rozkład punktacji
Procent ludzi z każdym wynikiem
Percentyl według liczby udzielonych odpowiedzi
Twoja historia wyników
Nie rozwiązałeś tego quizu